[Event "RUS-chB U14"]
[Site "Dagomys"]
[Date "2009.04.21"]
[Round "7"]
[White "Osetrov, Vladislav"]
[Black "Ferzauli, Ahmed"]
[Result "0-1"]
[WhiteElo "1735"]
[BlackElo "1780"]
[PlyCount "54"]
[EventDate "2009.04.15"]
[EventType "swiss"]
[EventRounds "9"]
[EventCountry "RUS"]
[SourceTitle "EXT 2012"]
[Source "ChessBase"]
[SourceDate "2011.11.24"]
[SourceVersion "1"]
[SourceVersionDate "2011.11.24"]
[SourceQuality "1"]

1. d4 Nf6 2. Bg5 e6 3. e3 d5 4. Bd3 Be7 5. f4 Ne4 6. Bxe7 Qxe7 7. Nf3 Nd7 8. 0-0 Ndf6 9. c3 b6 10. Ne5 0-0 11. Nd2 c5 12. Ndf3 c4 13. Bc2 Bd7 14. g4 Nd6 15. g5 Nfe4 16. Nd2 Nf5 17. Bxe4 dxe4 18. Qe2 Nd6 19. Qg2 f5 20. gxf6 Rxf6 21. Nxe4 Nxe4 22. Qxe4 Rb8 23. Rf3 Be8 24. Nxc4 Bg6 25. Qe5 Rc8 26. Nd2 Rf5 27. Qe4 Rg5+ 0-1